Epithélium AGM P300 - Statistiques

Statistiques générales
  • Ce quiz a été pris 39 fois
  • Le résultat moyen est 13 sur 14
Statistiques - réponses
Epithélium Partie concernée % Correct
Epithélium prismatique pseudostratifié avec des stéréocils (+ fibres elastiques et muqueuse anfractueuse) ampoule du déférent
100%
Epithélium prismatique pseudostratifié avec des stéréocils canal déférent
100%
Epithélium prismatique simple, aspect festonné canal efférent
100%
Epithélium prismatique pseudostratifié à lumière lisse canal épididymaire
100%
Epithélium plissé prismatique ou cubique prostate
100%
Epithélium cubique simple tube droit
100%
Epithélium séminal tubes séminifères
100%
Epithélium transitionnel urètre membranacé
100%
Epithélium transitionnel/de transition/prismatique stratifié urètre prostatique
100%
Epithélium prismatique simple canal éjaculateur
80%
Epithélium pavimenteux simple rete testis
80%
Epithélium prismatique stratifié urètre membraneux
80%
epithélium prismatique stratifié avec glandes mucipares urètre spongieux
80%
Epithélium prismatique simple entouré d'une muqueuse anfractueuse vésicule séminale
60%
Aucun quiz correspondant
Distribution des résultats
% des personnes avec chaque résultat
Percentile par nombre de réponses
Votre historique - résultats
Vous n’avez pas pris ce quiz